000 00406nam a2200181Ia 4500
001 1139
005 20260306140609.0
008 260306t1993||||xx |||||||||||||| ||spa||
041 _aESP
082 _a184
_bP66R
100 _aPlatón
_eAUT
245 0 _aLa república o el estado
260 _c1993
300 _a442 páginas :
_c17 cm.
650 _aGEN
654 _aCHU
942 _cLIB
_dJUS
_fJUS
_2ddc
_n
999 _c1139
_d1139